000
00255nam a22001097a 4500
008
170117b xxu||||| |||| 00| 0 eng d
020
_a
9780781780629
041
_a
eng
080
_a
618.2
245
_a
NURSING HEALTH ASSESSMENT
_c
JENSEN, H
942
_2
udc
_c
BK
999
_c
3025
_d
3025